| 000 | 00799nam a2200277 a 4500 | ||
|---|---|---|---|
| 003 | DO-SdBNP | ||
| 005 | 20240306172149.0 | ||
| 007 | ta | ||
| 008 | 230221e1982 sp ||||gr|||| 001 f spa d | ||
| 020 | _a8401371783 | ||
| 040 |
_aDO-SdBNP _bspa _cBNPHU |
||
| 082 | 4 |
_aCh863.44 _bA432c, 1985 _222 |
|
| 100 | 1 |
_aAllende, Isabel, _d1942- _924166 |
|
| 245 | 1 | 3 |
_aLa casa de los espĂritus / _cIsabel Allende. |
| 246 | 1 | 4 |
_aLa casa de los espĂritus : _bnovela |
| 250 | _a16a. ed. | ||
| 260 |
_aBarcelona : _bPlaza & Llanes, _c1985 |
||
| 300 |
_a380 p. ; _c21 cm. |
||
| 490 | 1 | _aLiteraria | |
| 590 | _aInventariado 2023 / MF | ||
| 650 | 4 |
_aNovela chilena _93163 |
|
| 650 | 4 |
_aLiteratura chilena _93164 |
|
| 830 | 0 |
_aLiteraria _921679 |
|
| 910 | _aValidado. Control de calidad MFF | ||
| 942 |
_2ddc _cLBS1 |
||
| 999 |
_c53135 _d53135 |
||